Précis de finances publiques (Record no. 115502)

000 -CABECERA
Campo de control de longitud fija 00675nam#a2200217#c#4500
003 - IDENTIFICADOR DE NÚMERO DE CONTROL
Campo de control IEF
005 - FECHA Y HORA DE LA ÚLTIMA TRANSACCIÓN
Campo de control 20260126164751.0
007 - CAMPO FIJO DE DESCRIPCIÓN FÍSICA - INFORMACIÓN GENERAL
campo de control de longitud fija ta
008 - CAMPO FIJO DE DESCRIPCIÓN FIJA - INFORMACIÓN GENERAL
Campo de control de longitud fija 950601s1970 fr fr | 0||u|fre|u
040 ## - FUENTE DE LA CATALOGACIÓN
Centro catalogador de origen ES-MaIEF
Lengua de catalogación spa
Centro transcriptor ES-MaIEF
100 1# - ENCABEZAMIENTO PRINCIPAL - NOMBRE PERSONAL
Nombre de persona Gaudemet, Paul Marie
9 (RLIN) 17846
245 10 - MENCIÓN DE TÍTULO
Título Précis de finances publiques
Mención de responsabilidad, etc. Paul Marie Gaudment
260 ## - PUBLICACIÓN, DISTRIBUCIÓN, ETC (PIE DE IMPRENTA)
Lugar de publicación, distribución, etc. Paris
Nombre del editor, distribuidor, etc. Éditions Montchrestien
Fecha de publicación, distribución, etc. [1970]
300 ## - DESCRIPCIÓN FÍSICA
Extensión VII, 467 p.
Dimensiones 21,5 cm
505 ## - NOTA DE CONTENIDO FORMATEADA
Nota de contenido con formato preestablecido Contiene: Tome premier : Les opérations sur deniers publics: budget et trésor
650 #4 - PUNTO DE ACCESO ADICIONAL DE MATERIA - TÉRMINO DE MATERIA
Término de materia o nombre geográfico como elemento inicial HACIENDA PUBLICA
9 (RLIN) 50201
650 #4 - PUNTO DE ACCESO ADICIONAL DE MATERIA - TÉRMINO DE MATERIA
Término de materia o nombre geográfico como elemento inicial OPERACIONES FINANCIERAS
9 (RLIN) 47873
650 #4 - PUNTO DE ACCESO ADICIONAL DE MATERIA - TÉRMINO DE MATERIA
Término de materia o nombre geográfico como elemento inicial TESORO PUBLICO
9 (RLIN) 48559
942 ## - ELEMENTOS KOHA
Koha tipo de item Libros
Holdings
Suprimido Perdido Estropeado No se presta Localización (Biblioteca) Sublocalización o Colección (subbiblioteca) Fecha de adquisición Koha signatura completa Designación de pieza (código de barras) Koha Fecha de último uso Precio efectivo desde Koha tipo de item
      Disponible para préstamo IEF IEF 1995-06-01 9194 9194 2018-02-19 2018-02-19 Libros

Powered by Koha